Plaques tectoniques - Carte Quiz - Statistiques

Statistiques générales
  • Ce quiz a été pris 12 708 fois
  • Le résultat moyen est 14 sur 29
Réponses sur la Carte
Les réponses sont colorées sur une échelle allant du rouge au vert en fonction du pourcentage des utilisateurs qui les ont devinées à leur premier essai. Vous pouvez retrouver ces pourcentages ci-dessous.
 
Statistiques - réponses
Réponse % Correct
Afrique
90%
Amérique du Nord
86%
Eurasie
86%
Amérique du Sud
85%
Antarctique
82%
Australie
82%
Inde
78%
Pacifique
78%
Arabie
76%
Caraïbes
70%
Somalie
68%
Panama
63%
Birmanie
58%
Philippines
58%
Andes du Nord
52%
Ile de Pâques
52%
Timor
49%
Anatolie
45%
Yangtze
39%
Okhotsk
31%
Amour
25%
Nazca
20%
Mer des Moluques
15%
Mer de Banda
12%
Cocos
10%
Juan de Fuca
10%
Bird's Head
8%
Scotia
8%
Carolines
5%
Aucun quiz correspondant
Distribution des résultats
% des personnes avec chaque résultat
Percentile par nombre de réponses
Votre historique - résultats
Vous n’avez pas pris ce quiz